000 00973cam a2200325 a 4500
001 108130
005 20230410105405.0
008 101018s2010 fr b 000 0 fre
035 _a16536829
010 _a 2010553592
020 _a9782358720137
035 _a(FrPJT)JTL00281261
040 _aDLC
_cDLC
042 _apcc
050 1 4 _aHB 501
_bL867c 2010
100 1 _aLordon, Frédéric,
_d1962-
245 1 0 _aCapitalisme, désir et servitude :
_bMarx et Spinoza /
_cFrédéric Lordon.
260 _aParis :
_bLa Fabrique,
_c2010.
300 _a213 p. ;
_c20 cm.
500 _aErrata slip inserted.
504 _aIncludes bibliographical references (p. 204-213).
650 0 _aCapitalism
_xSocial aspects.
650 0 _aPhilosophy and social sciences.
650 4 _aCapitalismo
_xAspectos Sociales.
650 4 _aFilosofía y Ciencias Sociales.
923 _d20101026
_nB00111401
_sFrPJT
942 _2lcc
_cbk
985 _eVENDOR LOAD
946 _aYSL
999 _c35710
_d35710